Statistics for Countries Where Communist Symbols are Banned

Click here to take the quiz!

General Stats

  • This quiz has been taken 189 times
  • The average score is 6 of 9

Answer Stats

Country% Correct
Poland
84%
Ukraine
80%
Estonia
78%
Latvia
78%
Lithuania
78%
Hungary
66%
Czechia
64%
Georgia
53%
Indonesia
32%

Score Distribution

Percentile by Number Answered

Percent of People with Each Score

Your Score History

You have not taken this quiz